Dick Van Dyke Filmography - Statistics

General Stats
  • This quiz has been taken 115 times
    39 since last reset
  • The average score is 9 of 152
Answer Stats
Type Year Name % Correct
Film 1964 Mary Poppins
82%
Film 1968 Chitty Chitty Bang Bang
73%
TV Show 1961-1966 The Dick Van Dyke Show
64%
TV Special 1968 Dick Van Dyke
55%
Film 2006 Night at the Museum
45%
Theater 1960-1961 Bye Bye Birdie
36%
Film 1963 Bye Bye Birdie
36%
TV Show 1993-2001 Diagnosis: Murder
36%
Film 2018 Mary Poppins Returns
36%
Film 1967 Divorce American Style
27%
TV Show 1993 Coach
18%
Film 1971 Cold Turkey
18%
Film 1990 Dick Tracy
18%
Film 1967 Fitzwilly
18%
Film 2014 Night at the Museum: Secret of the Tomb
18%
TV Show 2000 Sabrina the Teenage Witch
18%
TV Show 2003 [scrubs]
18%
TV Show 1976, 1977 The Carol Burnett Show
18%
TV Show 2023, 2024 The Masked Singer
18%
TV Show 2015 The Middle
18%
Film 1964 What a Way to Go!
18%
Film 2014 Alexander and the Terrible, Horrible, No Good, Very Bad Day
9%
Film 2005 Batman: New Times
9%
TV Show 1956 CBS Cartoon Theatre
9%
TV Show 1974 Columbo
9%
Film 2006 Curious George
9%
TV Show 2023 Days of Our Lives
9%
TV Show 1955 Frankie Laine Time
9%
Film 1966 Lt. Robin Crusoe, U.S.N.
9%
TV Show 1986, 1990 Matlock
9%
Film 1968 Never a Dull Moment
9%
Film 1969 Some Kind of a Nut
9%
Award Show 1987 The 13th Annual People's Choice Awards
9%
Award Show 1977 The 3rd Annual People's Choice Awards
9%
Award Show 1979 The 5th Annual People's Choice Awards
9%
Award Show 1983 The 9th Annual People's Choice Awards
9%
Film 1965 The Art of Love
9%
Film 1969 The Comic
9%
TV Special 2004 The Dick Van Dyke Show Revisited
9%
TV Show 1959, 1960 The Ed Sullivan Show
9%
TV Show 1957-1958 The Garry Moore Show
9%
TV Show 1989 The Golden Girls
9%
TV Show 1955-1956 The Morning Show
9%
TV Show 1971-1974 The New Dick Van Dyke Show
9%
Film 1979 The Runner Stumbles
9%
Film 2016 Trollz
9%
Film 1975 Tubby the Tuba
9%
TV Special 1975 Van Dyke and Company
9%
TV Show 1976 Van Dyke and Company
9%
TV Show 1987 Airwolf
0%
TV Show 1960 Alfred Hitchcock Presents
0%
Music Video 2025 All My Love
0%
TV Special 1987 American Film Institute Comedy Special
0%
TV Show 1985 American Playhouse
0%
TV Show 1959 Art Carney Special
0%
TV Film 1993 A Twist of the Knife
0%
TV Special 1985 Battle of the Network Stars XVIII
0%
TV Show 1999 Becker
0%
TV Show 2013 Brody Stevens: Enjoy It!
0%
Film 2018 Buttons
0%
Film TBA Capture the Flag
0%
TV Special 1977 CBS Galaxy
0%
TV Show 1983 CBS Library
0%
TV Film 1993 Chairman's Choice
0%
Theater 2005-2006 Chita Rivera: The Dancer's Life
0%
TV Film 1991 Daughters of Privilege
0%
TV Film 1992 Diagnosis Murder: Diagnosis of Murder
0%
TV Film 1992 Diagnosis Murder: The House on Sycamore Street
0%
TV Film 2002 Diagnosis Murder: Town Without Pity
0%
TV Film 2002 Diagnosis Murder: Without Warning
0%
TV Special 1969 Dick Van Dyke and the Other Woman
0%
TV Special 1970 Dick Van Dyke Meets Bill Cosby
0%
TV Special 1967 Dick Van Dyke Special
0%
TV Special 1984 Donald Duck's 50th Birthday
0%
TV Film 1982 Drop-Out Father
0%
TV Film 1983 Found Money
0%
TV Short 2012 Fun with Dick and Jerry Van Dyke
0%
TV Film 1987 Ghost of a Chance
0%
TV Documentary 1987 Golden Anniversary of Snow White and the Seven Dwarfs
0%
TV Pilot 1981 Harry's Battles
0%
TV Show 1987 Highway to Heaven
0%
Documentary Series 2021 History of the Sitcom
0%
TV Show 2011 Hollywood Treasure
0%
TV Special 1981 How to Eat Like a Child - And Other Lessons in Not Being a Grown-up
0%
Commercial 1984 Hunt's BBQ Sauce
0%
Documentary 2017 If You're Not in the Obit, Eat Breakfast
0%
TV Special 2001 I Love Lucy's 50th Anniversary Special
0%
TV Special 1972 I'm a Fan
0%
TV Show 1991 Jake and the Fatman
0%
TV Special 1974 Julie and Dick at Covent Garden
0%
Commercial 1962-1966 KENT Cigarettes
0%
TV Show 2020 Kidding
0%
Commercial 1978 Kodak Colorburst 100
0%
Commercial 1970s Kodak Instamatic
0%
TV Show 1959 Laugh Line
0%
Film 2016 Life Is Boring
0%
TV Show 1976 Lola!
0%
TV Pilot 1975 Mac
0%
Short Film 2015 Merry Xmas
0%
TV Show 2014 Mickey Mouse Clubhouse
0%
TV Show 1958 Mother's Day
0%
TV Film 2006 Murder 101
0%
TV Film 2007 Murder 101: College Can Be Murder
0%
TV Film 2007 Murder 101: If Wishes Were Horses
0%
TV Film 2008 Murder 101: New Age
0%
Commercial 1982 National Fire Protection Agency
0%
TV Show 1960 New Comedy Showcase
0%
Commercial 1991 Nick at Nite
0%
TV Show 1956 Of All Things
0%
TV Show 1959 Perry Como's Kraft Music Hall
0%
TV Show 2014 Signed, Sealed, Delivered
0%
Director 1973 Starring: Nancy Clancy
0%
Film 2016 Stars in Shorts: No Ordinary Love
0%
TV Film 1986 Strong Medicine
0%
Documentary 2004 Supercalifragilisticexpialidocious: The Making of 'Mary Poppins'
0%
TV Show 1979 Supertrain
0%
TV Documentary 2017 Tai Cheng with Dick Van Dyke
0%
Award Show 1968 The 20th Annual Primetime Emmy Awards
0%
Film 2022 The 90s Club
0%
TV Special 2003 The Alan Brady Show
0%
TV Show 1960 The Arthur Murray Party
0%
TV Show 1971 The Bill Cosby Show
0%
Short Film 2010 The Caretaker 3D
0%
TV Show 1958 The Chevy Showroom Starring Andy Williams
0%
TV Film 1982 The Country Girl
0%
TV Special 2020 The Dick Van Dyke Show: Now in Living Color! A Special Tribute to Carl Reiner
0%
TV Special 1994 The Dick Van Dyke Show Remembered
0%
TV Show 2012 The Doctors
0%
TV Special 1971 The First Nine Months Are the Hardest
0%
TV Film 2003 The Gin Game
0%
Theater 1959 The Girls Against the Boys
0%
TV Show 1974 The John Denver Show
0%
TV Show 1976-1980 The Mike Douglas Show
0%
TV Film 1974 The Morning After
0%
TV Special 1979 The Muppets Go Hollywood
0%
Theater 1980 The Music Man
0%
TV Show 1973 The New Scooby-Doo Movies
0%
TV Show 1958 The Pat Boone-Chevy Showroom
0%
TV Show 1957, 1958 The Phil Silvers Show
0%
TV Show 1958 The Polly Bergen Show
0%
TV Show 2023 The Simpsons
0%
Theater 2011 The Sunshine Boys
0%
TV Short 1993 The Town Santa Forgot
0%
TV Show 1959 The United States Steel Hour
0%
TV Show 1988 The Van Dyke Show
0%
TV Show 1966, 1981, 2001 The Wonderful World of Disney
0%
TV Show 1956-1957 To Tell the Truth
0%
TV Documentary 1981 True Life Stories
0%
TV Show 1958 True Story
0%
Commercial 2005 TV Land
0%
Short Documentary 2016 Welcome Home, Dick Van Dyke
0%
Commercial 2011 World Wildlife Fund
0%
No matching quizzes found
Score Distribution
Percent of People with Each Score
Percentile by Number Answered
Your Score History
You have not taken this quiz since the last reset